000 00426nam a2200181Ia 4500
001 20864
005 20260306172837.0
008 260306t2013||||xx |||||||||||||| ||spa||
041 _aESP
082 _a343.8
_bJ53
100 _aJiménez, Adolfo Martín
_eAUT
245 0 _aPrecios de transferencia
260 _c2013
300 _a397 páginas :
_c24 cm.
650 _aGEN
654 _aCCO
942 _cLIB
_dJUS
_fJUS
_2ddc
_n
999 _c20864
_d20864